00649nam a2200169Ia 4500008004100000082001600041100003800057245012400095260003900219300001500258520001100273650002800284700003200312942001300344999001900357952010300376230907s9999||||xx |||||||||||||| ||und|| a621.31bABD aAbdul Basit (00000277622)9116771 0aIs Renewable Energy A Complete Solution To The Environmental Problem? A Comprehensive Analysis Of Pakistan Case Study / aUSPCAS-E, NUST,bIslamabad :c2022 axii, 44 p. aTH-437 aMS-EEP Thesis MS Thesis aDr. Muhammad Hassan9117268 cTHE2ddc c602115d602115 00102ddc4070aCAS-EbCAS-Ed2022-11-28o621.31 ABDpCAS-ETH0000437r2023-09-12w2023-09-12yTHE